[Event "It (open)"]
[Site "Diezisau (Germany)"]
[Round "3"]
[White "Brustman Agnieszka (POL)"]
[Black "Gustafsson Jan (GER)"]
[Result "1-0"]
[WhiteElo "2334"]
[BlackElo "2603"]

{ Brustman Agnieszka (POL) +4 =0 -2 Gustafsson Jan (GER) +1 =2 -0 Brustman
Agnieszka (POL) +4 =0 -2 Gustafsson Jan (GER) +1 =2 -0 Brustman Agnieszka
(POL) +4 =0 -2 Gustafsson Jan (GER) +1 =2 -0 } 1.e4 { 1 } 1...c6 2.d4 d5 3.Nc3
dxe4 4.Nxe4 Bf5 5.Ng3 Bg6 6.h4 h6 7.f4 e6 8.h5 Bh7 9.Nf3 Nf6 ( 9...Nd7 10.Bd3
Bxd3 11.Qxd3 Ngf6 12.Bd2 Qc7 13.O-O-O c5 14.Qe2 Bd6 15.Ne4 Bxf4 16.Nxf6+ Nxf6
17.Qb5+ Ke7 18.Bxf4 Qxf4+ 19.Kb1 Qc7 20.dxc5 Rhd8 21.Nd4 Rac8 22.Nb3 Rxd1+
23.Rxd1 b6 24.Rd4 bxc5 25.Rc4 Nd7 26.Nxc5 a6 27.Qxa6 Nxc5 28.Qa3 Qd6 29.b4 {
...0-1, Wehmeier Stefan 2390 - Dautov Rustem 2606 , Lippstadt 2000 It (cat.11)
} ) ( 9...Nd7 10.Bd3 Bxd3 11.Qxd3 Ngf6 12.Bd2 Qc7 13.O-O-O c5 14.Qe2 Bd6
15.Ne4 Bxf4 16.Nxf6+ Nxf6 17.Qb5+ Ke7 18.Bxf4 Qxf4+ 19.Kb1 Qc7 20.dxc5 Rhd8
21.Nd4 Rac8 22.Nb3 Rxd1+ 23.Rxd1 b6 24.Rd4 bxc5 25.Rc4 Nd7 26.Nxc5 a6 27.Qxa6
Nxc5 28.Qa3 Qd6 29.b4 { ...0-1, Wehmeier Stefan 2390 - Dautov Rustem 2606 ,
Lippstadt 2000 It (cat.11) } ) ( 9...Nd7 10.Bd3 Bxd3 11.Qxd3 Ngf6 12.Bd2 Qc7
13.O-O-O c5 14.Qe2 Bd6 15.Ne4 Bxf4 16.Nxf6+ Nxf6 17.Qb5+ Ke7 18.Bxf4 Qxf4+
19.Kb1 Qc7 20.dxc5 Rhd8 21.Nd4 Rac8 22.Nb3 Rxd1+ 23.Rxd1 b6 24.Rd4 bxc5 25.Rc4
Nd7 26.Nxc5 a6 27.Qxa6 Nxc5 28.Qa3 Qd6 29.b4 { ...0-1, Wehmeier Stefan 2390 -
Dautov Rustem 2606 , Lippstadt 2000 It (cat.11) } ) 10.Bd3 Bxd3 11.Qxd3 Nbd7 (
11...Qc7 12.Bd2 Nbd7 13.O-O-O Bd6 14.Ne5 c5 15.Rhe1 O-O 16.Kb1 Rad8 17.Bc1
Nxe5 18.dxe5 Bxe5 19.Qf3 Bd6 20.Ne4 Nxe4 21.Rxe4 Rfe8 22.g4 Bf8 23.Rde1 Qc6
24.Qf1 Rd4 25.R4e2 Red8 26.g5 R4d5 27.g6 Rxh5 28.gxf7+ Kxf7 29.Rxe6 Qd7 30.f5
Kg8 31.f6 { ...0-1, Nina Miguel 2310 - Belli Mario 2393 , Peru 2000 Ch Peru }
) ( 11...c5 12.Bd2 Nc6 13.Ne2 Qb6 14.f5 Nxd4 15.Nfxd4 cxd4 16.fxe6 Qxe6
17.Qxd4 Be7 18.Qa4+ Nd7 19.Rh3 O-O 20.Re3 Qd6 21.O-O-O Nb6 { 1/2-1/2, Kahn
Anna 2165 - Belakovskaia Anjelina 2345 , Modesto 1995 Ch USA (w) } ) 12.Bd2
Qc7 { ?/= } 13.Qe2 ( 13.O-O-O c5 14.dxc5 ( 14.Ne5 cxd4 15.Qxd4 Bc5 16.Qc4 Rc8
17.Nxd7 Nxd7 18.Ne4 O-O 19.Kb1 Be7 20.Qb3 Nc5 21.Nxc5 Bxc5 22.g4 Rfd8 23.g5
Qc6 24.Bc1 Bb6 25.gxh6 gxh6 26.Rhe1 Qc5 27.Rxd8+ Rxd8 28.Qh3 Kh7 29.b3 Ba5
30.Re5 Qg1 31.Qe3 Qxe3 32.Rxe3 Bb6 { ...1/2-1/2, Almasi Zoltan 2620 - Magem
Badals Jordi 2520 , Moscow 1994 Olympiad } ) 14...Bxc5 15.Ne4 O-O 16.Kb1 Rfd8
17.Nxf6+ Nxf6 18.Qe2 Rd5 19.c4 Rxh5 20.Nh4 Bd4 21.g4 Rc5 22.Nf3 Bxb2 23.Kxb2
Rxc4 24.Rc1 Qb6+ 25.Ka1 Rxc1+ 26.Bxc1 Nxg4 27.Rg1 Qf2 28.Qd3 Qc5 29.Bb2 h5
30.Rg2 Rc8 31.Ne5 Qe3 32.Qd1 { ...1-0, McDonald Neil R 2500 - Lorincz Istvan
2370 , Budapest 1996 Memorial Elekes } ) ( 13.Ne5 Bd6 14.O-O-O O-O 15.Ne2 c5
16.Nxd7 Nxd7 17.Kb1 Rfd8 18.g4 cxd4 19.g5 Nc5 20.Qxd4 Bf8 21.Qe3 hxg5 22.fxg5
Rd5 23.Bc3 Rxd1+ 24.Rxd1 Rd8 25.Rf1 Rd5 26.h6 Qd8 27.hxg7 Bxg7 28.Bf6 Rd1+
29.Rxd1 Qxd1+ 30.Nc1 b6 31.Bxg7 Kxg7 32.Qe5+ { 1/2-1/2, Dueckstein Andreas
2380 - Hort Vlastimil 2605 , Czechoslovakia 1968 } ) 13...Bd6 ( 13...c5
14.O-O-O Bd6 15.Nf5 Bxf4 16.Nxg7+ Kf8 17.Nxe6+ fxe6 18.Qxe6 Qc6 19.d5 Qa4
20.Rh4 Bxd2+ 21.Kxd2 Qa5+ 22.b4 Qb6 23.Rf4 Re8 24.Qxd7 Re4 25.Rxf6+ Qxf6
26.Rf1 Qf4+ 27.Kd1 Rd4+ 28.Ke2 Re4+ 29.Kf2 Qe3+ 30.Kg3 Qf4+ 31.Kf2 Qe3+ 32.Kg3
Qf4+ { 1/2-1/2, Loskutov Oleg 2359 - Asrian Karen 2575 , St. Petersburg 1999
Memorial M.Chigorin (open) } ) ( 13...O-O-O 14.O-O-O Bd6 15.Ne5 Rhf8 16.Rhf1
c5 17.Nc4 Nb6 18.Nxd6+ Rxd6 19.dxc5 Qxc5 20.Be3 Rxd1+ 21.Rxd1 Qc7 22.Bxb6 Qxb6
23.Ne4 Nd5 24.g3 Rd8 25.Qd3 Rd7 26.Qd4 Qxd4 27.Rxd4 b6 28.c4 Ne3 29.Nd6+ Kb8
30.b3 Ng4 31.b4 Nf6 32.c5 bxc5 33.bxc5 { ...0-1, Kaminski Marcin 2440 -
Korchnoi Viktor 2575 , Polanica Zdroj 1992 Memorial A.Rubinstein } ) (
13...O-O-O 14.O-O-O Bd6 15.Ne5 Rhf8 16.Rhf1 c5 17.Nc4 Nb6 18.Nxd6+ Rxd6
19.dxc5 Qxc5 20.Be3 Rxd1+ 21.Rxd1 Qc7 22.Bxb6 Qxb6 23.Ne4 Nd5 24.g3 Rd8 25.Qd3
Rd7 26.Qd4 Qxd4 27.Rxd4 b6 28.c4 Ne3 29.Nd6+ Kb8 30.b3 Ng4 31.b4 Nf6 32.c5
bxc5 33.bxc5 { ...0-1, Kaminski Marcin 2440 - Korchnoi Viktor 2575 , Polanica
Zdroj 1992 Memorial A.Rubinstein } ) ( 13...O-O-O 14.O-O-O Bd6 15.Ne5 Rhf8
16.Rhf1 c5 17.Nc4 Nb6 18.Nxd6+ Rxd6 19.dxc5 Qxc5 20.Be3 Rxd1+ 21.Rxd1 Qc7
22.Bxb6 Qxb6 23.Ne4 Nd5 24.g3 Rd8 25.Qd3 Rd7 26.Qd4 Qxd4 27.Rxd4 b6 28.c4 Ne3
29.Nd6+ Kb8 30.b3 Ng4 31.b4 Nf6 32.c5 bxc5 33.bxc5 { ...0-1, Kaminski Marcin
2440 - Korchnoi Viktor 2575 , Polanica Zdroj 1992 Memorial A.Rubinstein } )
14.Ne5 ( 14.Rh4 O-O ( 14...Nd5 15.Ne5 Be7 { +0,00 CAP } ) 15.O-O-O c5 16.dxc5
Nxc5 17.Kb1 Rfd8 18.c4 Rac8 19.Ne5 b5 20.Rc1 bxc4 21.Rxc4 Qb7 22.Ba5 Re8
23.Bc3 Nd5 24.Bd4 Bf8 { 1/2-1/2, Fogarasi Tibor 2425 - Lalic Bogdan 2560 ,
Senek 1998 Cup European Club } ) 14...O-O { -0,68 CAP } ( 14...c5 { 1/2-1/2,
Robatsch Karl 2460 - Pomar Salamanca Arturo 2510 , Amsterdam 1966 It (a) } ) (
14...Rd8 15.O-O-O O-O 16.Ne4 Nxe4 17.Qxe4 c5 18.Ng4 cxd4 19.Qxd4 f5 20.Nf2 Rc8
21.Bc3 Bxf4+ 22.Kb1 Nb6 23.Nd3 Bg5 24.Qf2 Nd5 25.Be5 Qa5 26.Rhe1 Rc6 27.Bd4
Rfc8 28.c3 b5 29.a3 Qa4 30.Ne5 Ra6 31.Qf3 Qb3 32.Nd3 Rxa3 33.Nc5 Rxc5 34.Bxc5
{ ...0-1, Brikov Illarion 2327 - Bets Anatolij 2376 , Donskoj 2001 It (cat.4)
} ) ( 14...Rf8 15.O-O-O O-O-O 16.Rhe1 c5 17.dxc5 Nxc5 18.Kb1 Kb8 19.Bc1 Rfe8
20.Rd4 Nd5 21.Red1 f6 22.Ng6 Qc6 23.c4 Nb6 24.b3 Nc8 25.Ne4 Bc7 26.Rxd8 Bxd8
27.Nxc5 Qxc5 28.Rd7 Bc7 29.Rxg7 Qf5+ 30.Ka1 Rd8 31.g4 Qa5 32.Kb1 Qb6 33.g5
fxg5 34.fxg5 { ...1-0, Marjanovic Slavoljub 2515 - Haik Aldo 2455 , Marseilles
1986 It (cat.10) } ) 15.Ne4 { N } ( 15.O-O-O Rad8 ( 15...c5 16.Ne4 cxd4
17.Nxd6 Qxd6 18.g4 Qd5 19.Kb1 Nxe5 20.fxe5 Ne4 21.Rhe1 f5 22.exf6 Nxf6 23.Bb4
Rfe8 24.c4 Qg5 25.Rxd4 e5 26.Rd6 Rad8 27.Rxd8 Rxd8 28.Rg1 Rd4 29.Bc3 Rxg4
30.Re1 Qxh5 31.Qf2 Ne4 { 0-1, Adamson Robby 2310 - Kreiman Boris 2455 , New
Castle on Tyne 1998 It } ) 16.Ne4 Nxe4 17.Qxe4 f5 18.Qf3 Nf6 19.Nd3 Qb6 20.Be3
Qa5 21.Kb1 Qd5 22.Qe2 b5 23.Rhg1 a5 24.Nf2 Kh8 25.g4 fxg4 26.Nxg4 Qxh5 27.Qf3
Be7 28.Rg3 Nxg4 29.Rxg4 Bf6 30.Rh1 Qf5 31.Qg2 Kh7 32.Rg1 Rf7 33.Rg6 Rc8 34.Ka1
b4 { ...0-1, Vyskocil Neklan 2260 - Polak Tomas 2470 , Czech Republic 1997 Ch
MSS } ) ( 15.c4 c5 16.Bc3 cxd4 17.Bxd4 Bb4+ 18.Kf2 Bc5 19.Rhd1 Nxe5 20.fxe5
Nd7 21.Kf1 Bxd4 22.Rxd4 Nxe5 23.Rad1 Nc6 { 0-1, Berthelot Yannick 2285 -
Bouton Christophe 2220 , Montpellier 1991 Ch France (accession) } ) 15...Nxe4
16.Qxe4 Nf6 17.Qe2 c5 18.dxc5 Qxc5 19.O-O-O Rac8 20.c3 Rfd8 21.Kb1 Nd7 22.Be3
Qc7 23.Bd4 Nxe5 24.fxe5 Bc5 25.Rd2 { ?! } ( 25.Bxc5 { !? } 25...Qxc5 26.g4 a5
27.Rhf1 { } ) 25...Bxd4 26.cxd4 Rd7 27.g4 Qd8 28.Qe3 Rc4 29.Rhd1 Rd5 30.Qf4 a5
31.Rd3 a4 32.Rf1 Rd7 33.Rfd1 b5 34.Qd2 Rd5 35.a3 Qh4 36.Qf4 Qe7 37.Qd2 Qd8
38.Ka1 Qh4 39.Qf4 { ?! } ( 39.Qe2 { !? } 39...Qe7 40.Qd2 b4 41.axb4 { } )
39...Qe7 40.Qd2 b4 { ! } ( 40...Qd8 { ? } 41.Ka2 Qd7 42.Kb1 Kf8 { } ) 41.axb4
Rxb4 42.Rc1 Rb3 43.Rc8+ Rd8 44.Rdc3 Rb8 { ? } ( 44...Qf8 { ! } 45.R8c5 Rb4
46.R3c4 Rxc4 { } ) 45.R3c7 Qf8 46.Rxb8 Rxb8 47.Qc3 Qd8 48.Qc5 Ra8 49.Ka2 Qb8
50.Qc4 Qf8 { ?! } ( 50...Qd8 { !? } 51.Qc5 Rb8 52.Qc4 Qe8 { } ) 51.d5 exd5
52.Qxd5 a3 { ? } ( { ? } 52...Qe8 53.Rc6 Kh8 54.e6 fxe6 { } ) 53.b3 { ?! } (
53.b4 { !? } 53...Rd8 54.Qe4 Qe8 55.Ra7 { } ) 53...Rb8 { ?! } ( 53...Rd8 { !?
} 54.Rd7 Rxd7 55.Qxd7 Qb4 { } ) 54.Qd6 { ?! } ( 54.Rd7 { !? } 54...Qe8 55.Kxa3
Qe6 56.Qxe6 { } ) 54...Qe8 55.Qe7 Qxe7 56.Rxe7 Ra8 { ?! } ( 56...Kf8 { !? }
57.Rc7 Rb4 58.Rc4 Rb8 { } ) 57.e6 fxe6 58.Rxe6 Kf7 59.Re4 Kf6 60.Ra4 Rb8
61.Ra6+ Ke5 62.Kxa3 Rb7 { ?! } ( 62...Kf4 { !? } 63.Rg6 Ra8+ 64.Kb2 Ra7 { } )
63.b4 Kd5 64.Kb3 Kd4 { ?! } ( 64...Rc7 { !? } 65.Ka4 Re7 66.Ka5 Re2 { } )
65.Rd6+ { ! } ( 65.Ka4 { ? } 65...Kc4 66.Rc6+ Kd5 67.b5 { } ) 65...Ke5 66.Rg6
Kd4 67.g5 { ! } ( 67.Ka4 { ? } 67...Ra7+ 68.Kb5 Rb7+ 69.Ka5 { } ) 67...hxg5
68.Rxg5 Ra7 69.b5 Ra1 70.Kb4 Rb1+ 71.Ka5 Kc4 72.Kb6 Rf1 73.Ka6 Ra1+ 74.Kb7 Ra5
75.Kc6 Ra8 76.Rg4+ Kd3 77.Rxg7 Rh8 78.b6 { } {#r} 1-0

[Event "It (open)"]
[Site "Guben (Germany)"]
[Round "2"]
[White "Brustman Agnieszka (POL)"]
[Black "Kemeny Matthias (GER)"]
[Result "1/2-1/2"]
[WhiteElo "2334"]
[BlackElo "2074"]

1.e4 c6 2.d4 d5 3.Nc3 dxe4 4.Nxe4 Bf5 5.Ng3 Bg6 6.h4 h6 7.f4 e6 8.Nf3 Nd7 9.h5
Bh7 10.Bd3 Bxd3 11.Qxd3 Qc7 12.Bd2 O-O-O 13.Qe2 Ngf6 14.O-O-O Be7 15.Kb1 Rhe8
16.Ne5 Nxe5 17.fxe5 Nd7 18.Qg4 Bf8 19.Ne4 f5 20.exf6 Nxf6 21.Nxf6 gxf6 22.Bf4
Qg7 23.Qh3 f5 24.Be5 Qg5 25.Qh2 Rd7 26.Rd3 Qd8 27.Qf4 Qe7 28.Rg3 Qh7 29.Rg6
Bg7 30.Re1 Bxe5 31.Qxe5 Qf7 32.c3 f4 33.Rxh6 Rd5 34.Qf6 Qxf6 35.Rxf6 Rxh5
36.Rxf4 Rg5 37.g4 Kd7 38.Kc2 Re7 39.Re5 Rg6 40.g5 Reg7 41.Rg4 b6 42.a4 a5
43.Kd3 Kd6 44.Kc4 Rf7 45.Rg2 Rf1 46.Rh2 Rg1 47.Rh7 c5 48.Kb5 cxd4 49.cxd4 Rb1
50.Rh2 Kc7 51.Ka6 Rd1 52.Rc2+ Kd6 53.Rb5 Rxd4 54.Rxb6+ Kd7 55.Rf2 Rxa4 56.Rf7+
Kc8 57.Rb5 Rb4 58.Rc5+ Kd8 59.Rf2 Rg4 60.Rxa5 R4xg5 61.Rxg5 Rxg5 62.b4 Kc7
63.b5 Rg3 64.b6+ {#d} 1/2-1/2

[Event "Ch Commonwealth"]
[Site "Mumbai (India)"]
[Round "6"]
[White "Reefat Bin-Sattar (BAN)"]
[Black "Darban Morteza (IRI)"]
[Result "1-0"]
[WhiteElo "2462"]
[BlackElo "2315"]

1.e4 c6 2.d4 d5 3.Nc3 dxe4 4.Nxe4 Bf5 5.Ng3 Bg6 6.h4 h6 7.f4 e6 8.Nf3 Nd7 9.h5
Bh7 10.Bd3 Bxd3 11.Qxd3 Qc7 12.Bd2 O-O-O 13.Qe2 c5 14.O-O-O Ngf6 15.Kb1 cxd4
16.Nxd4 Bc5 17.Nb3 Bb6 18.Rhf1 Kb8 19.c4 Ka8 20.Bc3 Rc8 21.Nd2 Rhd8 22.Nge4
Bc5 23.g4 Bf8 24.g5 Ng8 25.f5 e5 26.f6 gxf6 27.gxf6 Qc6 28.Qf3 Re8 29.Nb3 Re6
30.Rxd7 Qxd7 31.Rg1 Nxf6 32.Nxf6 Qc6 33.Qxc6 bxc6 34.Nd7 Bd6 35.Ndc5 Bxc5
36.Nxc5 Re7 37.Ne4 f5 38.Nf6 Rf8 39.Bb4 Rh7 40.Rf1 f4 41.Ne4 Rf5 42.Bc5 Rg7
43.Kc2 Rxh5 44.Bf2 Rh2 45.Kc3 h5 46.Rd1 Rg8 47.Rd7 h4 48.Rxa7+ Kb8 49.Rh7 Rgg2
50.Bc5 Rh3+ 51.Kb4 {#r} 1-0

[Event "Ch World (juniors) (under 20)"]
[Site "Nakhichevan (Azerbaijan)"]
[Round "7"]
[White "Mabusela Johanne Mayedi (RSA)"]
[Black "Erenburg Sergey (ISR)"]
[Result "0-1"]
[WhiteElo "2273"]
[BlackElo "2537"]

{ Erenburg Sergey (ISR) +0 =1 -2 } 1.e4 { 1 } 1...c6 2.d4 d5 3.Nc3 dxe4 4.Nxe4
Bf5 5.Ng3 Bg6 6.h4 h6 7.f4 e6 8.h5 Bh7 9.Nf3 Nf6 ( 9...Nd7 10.Bd3 Bxd3 11.Qxd3
Ngf6 12.Bd2 Qc7 13.O-O-O c5 14.Qe2 Bd6 15.Ne4 Bxf4 16.Nxf6+ Nxf6 17.Qb5+ Ke7
18.Bxf4 Qxf4+ 19.Kb1 Qc7 20.dxc5 Rhd8 21.Nd4 Rac8 22.Nb3 Rxd1+ 23.Rxd1 b6
24.Rd4 bxc5 25.Rc4 Nd7 26.Nxc5 a6 27.Qxa6 Nxc5 28.Qa3 Qd6 29.b4 { ...0-1,
Wehmeier Stefan 2390 - Dautov Rustem 2606 , Lippstadt 2000 It (cat.11) } )
10.Bd3 Bxd3 11.Qxd3 Nbd7 ( 11...Qc7 12.Bd2 Nbd7 13.O-O-O Bd6 14.Ne5 c5 15.Rhe1
O-O 16.Kb1 Rad8 17.Bc1 Nxe5 18.dxe5 Bxe5 19.Qf3 Bd6 20.Ne4 Nxe4 21.Rxe4 Rfe8
22.g4 Bf8 23.Rde1 Qc6 24.Qf1 Rd4 25.R4e2 Red8 26.g5 R4d5 27.g6 Rxh5 28.gxf7+
Kxf7 29.Rxe6 Qd7 30.f5 Kg8 31.f6 { ...0-1, Nina Miguel 2310 - Belli Mario 2393
, Peru 2000 Ch Peru } ) ( 11...c5 12.Bd2 Nc6 13.Ne2 Qb6 14.f5 Nxd4 15.Nfxd4
cxd4 16.fxe6 Qxe6 17.Qxd4 Be7 18.Qa4+ Nd7 19.Rh3 O-O 20.Re3 Qd6 21.O-O-O Nb6 {
1/2-1/2, Kahn Anna 2165 - Belakovskaia Anjelina 2345 , Modesto 1995 Ch USA (w)
} ) 12.Bd2 { ?/= } 12...Bd6 ( 12...Qc7 13.O-O-O c5 14.Qe2 Bd6 15.Ne4 Bxf4
16.Nxf6+ Nxf6 17.Qb5+ Ke7 18.Bxf4 Qxf4+ 19.Kb1 Qc7 20.dxc5 Rhd8 21.Nd4 Rac8
22.Nb3 Rxd1+ 23.Rxd1 b6 24.Rd4 bxc5 25.Rc4 Nd7 26.Nxc5 a6 27.Qxa6 Nxc5 28.Qa3
Qd6 29.b4 Rb8 30.Qa7+ Nd7 31.a3 Qb6 32.Qa4 { ...0-1, Wehmeier Stefan 2390 -
Dautov Rustem 2606 , Lippstadt 2000 It (cat.11) } ) ( 12...c5 13.O-O-O Qc7
14.dxc5 Bxc5 15.Ne4 O-O-O 16.Nxf6 Nxf6 17.Qe2 Ng4 18.Rhf1 Rd5 19.Ne5 Nxe5
20.fxe5 Bd4 21.Be3 Bxe3+ 22.Qxe3 Rxe5 23.Qxa7 Ra5 24.Qd4 f5 25.a3 Kb8 26.Qd6
Re8 27.Rfe1 Ra6 28.Qxc7+ Kxc7 29.Re5 g6 30.Rde1 Kd7 31.hxg6 Rg8 32.Rb5 {
...1/2-1/2, Kaminski Marcin 2530 - Almasi Zoltan 2650 , Krynica 1998 Zt } )
13.Ne5 ( 13.O-O-O Qc7 14.Ne5 O-O 15.Ne4 Nxe4 16.Qxe4 Nf6 17.Qe2 c5 18.dxc5
Qxc5 19.Kb1 Rac8 20.c4 Bxe5 21.fxe5 Nh7 22.b3 Rfd8 23.Bc1 a6 24.Qe3 Qc6 25.Qf3
Qc7 26.Qg3 Rxd1 27.Rxd1 Kh8 28.Bf4 Rd8 29.Qf3 Rxd1+ 30.Qxd1 Qb6 31.Qd6 Qg1+
32.Bc1 Ng5 { ...1-0, Mokry Karel 2495 - Gobet Fernand 2405 , Geneva 1988 It }
) ( 13.Qe2 O-O 14.O-O-O { } ) 13...O-O { N } ( 13...c5 14.O-O-O Qc7 15.Nxd7
Qxd7 16.dxc5 Bxc5 17.Qxd7+ Kxd7 18.f5 Kc6 19.fxe6 fxe6 20.Rhe1 Rhe8 21.Ne4 Be7
22.Nxf6 Bxf6 23.Be3 a6 24.Rd3 Rad8 25.Red1 { 1/2-1/2, Fressinet Laurent 2455 -
Hauchard Arnaud 2500 , Meribel 1998 Ch France (play-off) } ) ( 13...Qc7
14.O-O-O Rf8 15.Ne4 O-O-O 16.Nxd6+ Qxd6 17.Kb1 Qc7 { 1/2-1/2, Perelshteyn
Eugene 2432 - Kacheishvili Giorgi 2583 , Bad Wiessee 2001 It (open) } ) (
13...Bxe5 14.fxe5 Nd5 15.Ne4 O-O 16.O-O-O b6 17.g4 c5 18.g5 hxg5 19.Nxg5 {
1-0, Malar Pavol 2045 - Lehocky Viktor 2150 , Hlohovec 1996 It (open) } )
14.Ne4 Nxe4 15.Qxe4 f5 { ?! } ( 15...Nf6 { !? } 16.Qd3 Bc7 17.c4 Qd6 { } )
16.Qf3 Nf6 { ?! } ( 16...Nxe5 { !? } 17.fxe5 Be7 18.c3 Bh4+ { } ) 17.O-O-O Qc7
18.Qb3 ( 18.Rhg1 Rad8 19.Ng6 Rfe8 20.Be1 Rd7 21.Bh4 Ng4 22.Rge1 Qa5 23.Qb3 Kf7
24.Rxe6 Qd5 25.Qxd5 cxd5 26.Rxe8 Kxe8 27.Re1+ Kf7 28.Ne5+ Bxe5 29.dxe5 Ke6
30.Kd2 Rc7 31.Bg3 Rc4 32.c3 Ra4 33.a3 b5 34.Rf1 a5 35.Rf3 Re4 36.Bf2 a4 37.Bg1
Kf7 { ...1-0, Ankerst Mihael 2285 - Ivacic Vladimir 2305 , Bled 1992 It (open)
} ) 18...Rfe8 { N } 19.Bb4 Rad8 20.Bxd6 Rxd6 21.g4 fxg4 22.Rhg1 c5 23.Qc4 Rd5
24.Kb1 { ?! } ( 24.dxc5 { !? } 24...Rxc5 25.Qa4 b5 26.Qb3 { } ) 24...Qd6 { ! }
( 24...Nxh5 { ? } 25.dxc5 Nxf4 26.Nxg4 Rxd1+ { } ) 25.Nxg4 Nxg4 26.Rxg4 Rxd4
27.Rxd4 Qxd4 28.Qxd4 cxd4 29.Kc1 Rd8 30.Kd2 Rd5 31.Rh4 Kf7 32.Kd3 Kf6 33.Ke4
Ra5 34.a3 Ra4 35.Rg4 Ra5 36.Rh4 Rd5 37.a4 b5 38.axb5 Rxb5 39.b3 Rb4 40.Rg4 a5
41.Rg6+ Kf7 42.Rg4 a4 43.bxa4 Rxa4 44.Rh4 Kf6 45.Rg4 Rc4 46.Rh4 { ?! } (
46.Rg6+ { !? } 46...Kf7 47.Rg2 d3+ 48.Kxd3 { } ) 46...Rxc2 47.Kxd4 Kf5 48.Kd3
{ ?! } ( 48.Rh1 { !? } 48...Rg2 49.Re1 Rh2 50.Ke3 { } ) 48...Rg2 { } {#R} 0-1

[Event "Ch Bosnia & Herzegovina (team)"]
[Site "Neum (Bosnia & Herzegovina)"]
[Round "6"]
[White "Rogic Davor (CRO)"]
[Black "Hodzic Nihad (BIH)"]
[Result "1-0"]
[WhiteElo "2482"]
[BlackElo "2259"]

1.e4 c6 2.d4 d5 3.Nd2 dxe4 4.Nxe4 Bf5 5.Ng3 Bg6 6.h4 h6 7.f4 e6 8.h5 Bh7 9.Nf3
Nd7 10.Bd3 Bxd3 11.Qxd3 Ngf6 12.Bd2 Qc7 13.O-O-O O-O-O 14.Qe2 Bd6 15.Ne5 Bxe5
16.dxe5 Nd5 17.Ne4 Kb8 18.c4 Ne7 19.Bc3 Rhf8 20.Rh3 f6 21.Rhd3 f5 22.Nd6 c5
23.Nb5 Qc8 24.Qd2 {#r} 1-0

[Event "It (open)"]
[Site "Sautron (France)"]
[Round "8"]
[White "Savalle Alexandre (FRA)"]
[Black "Trelohan Henri (FRA)"]
[Result "1/2-1/2"]
[WhiteElo "1869"]
[BlackElo "1676"]

1.e4 c6 2.d4 d5 3.Nc3 dxe4 4.Nxe4 Bf5 5.Ng3 Bg6 6.h4 h6 7.f4 e6 8.Nf3 Nd7
9.Bd3 Bxd3 10.Qxd3 Ngf6 11.Bd2 Ng4 12.Rf1 Ndf6 13.O-O-O Bd6 14.Ne4 Nxe4
15.Qxe4 Nf6 16.Qd3 Qd7 17.Kb1 O-O-O 18.Rde1 Ng4 19.Re2 Kb8 20.Rfe1 Nf6 21.Ne5
Bxe5 22.fxe5 Ng4 23.c3 h5 24.Bg5 Rde8 25.Be3 Ka8 26.Rd2 Rd8 27.Qc2 Nxe3
28.Rxe3 c5 29.Red3 c4 30.Rf3 Rdf8 31.Rdf2 Qe7 32.Qa4 Qc7 33.a3 g6 34.Ka2 Rh7
35.Rf6 Qc8 36.Qb4 Rg7 37.Rxe6 f5 38.exf6 Rgf7 39.Rd6 Qc7 40.Qc5 Qxc5 41.dxc5
Kb8 42.c6 Kc7 43.Rd4 Rxf6 44.Rxf6 Rxf6 45.Rxc4 bxc6 46.Kb1 Rf2 47.Ra4 Rxg2
48.Rxa7+ Kb6 49.Rh7 Ka5 50.Rg7 Kb5 51.Ka2 Kc4 52.a4 Kc5 53.Rb7 Rg4 54.a5 Ra4+
55.Kb3 Rxa5 56.Rg7 {#d} 1/2-1/2

[Event "Dos Hermanas Qualifier (17-A)"]
[Site "Internet"]
[Date "2003.03.17"]
[Round "2"]
[White "De La Paz Frank (CUB)"]
[Black "Johansson Anders (SWE)"]
[Result "1-0"]
[WhiteElo "2491"]
[BlackElo "2082"]

1.e4 c6 2.d4 d5 3.Nd2 dxe4 4.Nxe4 Bf5 5.Ng3 Bg6 6.h4 h6 7.f4 e6 8.Nf3 Be7
9.Bd3 Bxd3 10.Qxd3 Nd7 11.Bd2 Ngf6 12.O-O-O Qc7 13.Ne5 Rf8 14.Qe2 O-O-O 15.f5
Nxe5 16.dxe5 Nd5 17.fxe6 fxe6 18.Qg4 Qxe5 19.Rhe1 Qc7 20.Qxe6+ Kb8 21.Nh5 Bxh4
22.Re4 Bf6 23.c4 Qb6 24.Nxf6 Nxf6 25.Ree1 Ka8 26.Bc3 Rxd1+ 27.Rxd1 a5 28.Qe7
Re8 29.Qa3 Qe3+ 30.Kb1 b6 31.Qd6 Qe6 32.Qc7 Rb8 33.Bd4 Qe4+ 34.Ka1 c5 35.Be5
Qb7 36.Qxb8+ Qxb8 37.Bxb8 Kxb8 38.Rd8+ Kc7 39.Rf8 Kc6 40.Rf7 Nh5 41.g4 Nf6
42.Rxg7 Ne4 43.Rg6+ Kc7 44.Rxh6 b5 45.cxb5 c4 46.b6+ Kb7 47.Rg6 a4 48.a3 c3
49.bxc3 Nxc3 50.g5 {#r} 1-0

[Event "It (open)"]
[Site "Guegnon (France)"]
[Date "2004.02.28"]
[Round "2"]
[White "Ninov Nikolai (BUL)"]
[Black "Petit D"]
[Result "1-0"]
[WhiteElo "2473"]
[BlackElo "2000"]

1.e4 c6 2.d4 d5 3.Nc3 dxe4 4.Nxe4 Bf5 5.Ng3 Bg6 6.h4 h6 7.f4 e6 8.Nf3 Nd7 9.h5
Bh7 10.Bd3 Bxd3 11.Qxd3 Qc7 12.Bd2 Ngf6 13.O-O-O O-O-O 14.Qe2 Nd5 15.Ne5 Nxe5
16.dxe5 Bb4 17.Ne4 Qa5 18.Bxb4 Nxb4 19.a3 Nd5 20.Nd6+ Rxd6 21.exd6 Kd7 22.Qg4
Rg8 23.f5 Ne3 24.fxe6+ fxe6 25.Qf3 Nf5 26.g4 Nxd6 27.Qf7+ {#r} 1-0

[Event "It (open)"]
[Site "Pobla de Vallbona (Spain)"]
[Round "8"]
[White "Martinez Gil Joaquin (ESP)"]
[Black "Rovira Agusti Guillem (ESP)"]
[Result "1-0"]
[WhiteElo "2058"]
[BlackElo "2008"]

1.e4 c6 2.d4 d5 3.Nd2 dxe4 4.Nxe4 Bf5 5.Ng3 Bg6 6.h4 h6 7.f4 e6 8.h5 Bh7 9.Nf3
Nd7 10.Bd3 Bxd3 11.Qxd3 Qc7 12.Bd2 O-O-O 13.O-O-O Ngf6 14.Qb3 Ng4 15.Rhf1 Ndf6
16.Qa4 Kb8 17.Ne5 Bd6 18.Ba5 b6 19.Nxc6+ Kc8 20.Bd2 Nd5 21.Nxa7+ Kb7 22.Nb5
Qb8 23.Nxd6+ Qxd6 24.Ne4 Qc7 25.Rf3 f5 26.Nc3 Nxc3 27.Rxc3 Qd6 28.Rf1 Nf6
29.Rb3 Ra8 30.Qb4 Qxb4 31.Bxb4 Rxa2 32.Kb1 Ra6 33.Re1 Ne4 34.c4 Rha8 35.Kc2
Kc6 36.g4 Ra1 37.Rxa1 Rxa1 38.gxf5 exf5 39.d5+ Kb7 40.Bc3 Nc5 41.Rb5 Rg1
42.Bd4 Rg2+ 43.Kb1 Nd7 44.c5 Ka6 45.c6 Kxb5 46.cxd7 Rd2 47.d8=Q Rxd4 48.d6
Rxf4 49.d7 Rf1+ {#r} 1-0

[Event "Ch Germany (juniors) (team)"]
[Site "Bad Sulza (Germany)"]
[Date "2004.11.17"]
[Round "4"]
[White "Klaus Christian (GER)"]
[Black "Roggon Jacob (GER)"]
[Result "1-0"]
[WhiteElo "2074"]
[BlackElo "2029"]

1.e4 c6 2.d4 d5 3.Nc3 dxe4 4.Nxe4 Bf5 5.Ng3 Bg6 6.h4 h6 7.f4 Nf6 8.Nf3 Ne4
9.Nxe4 Bxe4 10.Be3 Qa5+ 11.Bd2 Qc7 12.Ne5 e6 13.Bd3 Bxd3 14.Nxd3 Nd7 15.h5 Be7
16.Qf3 Bf6 17.Ne5 Nb6 18.O-O-O O-O-O 19.Qe4 Rhf8 20.Rh3 Qd6 21.Rd3 Nd5 22.Rb3
Be7 23.Qe2 Nf6 24.Ba5 Nd5 25.g3 Rde8 26.c4 Nf6 27.Qf3 Nd7 28.c5 Qd5 29.Qxd5
cxd5 30.Nxd7 Kxd7 31.Rxb7+ Kc6 32.Rxa7 Bf6 33.a4 Re7 34.Rxe7 Bxe7 35.b4 Ra8
36.Kb2 Bf6 37.Kb3 Kb7 38.Bb6 g6 39.hxg6 fxg6 40.b5 g5 41.fxg5 Bxg5 42.a5 Rf8
43.Rd3 Rf1 44.Kb4 Rb1+ 45.Rb3 Rc1 46.Rb2 Rc4+ 47.Kb3 Be3 48.Rc2 Bxd4 49.Rxc4
dxc4+ 50.Kxc4 Be5 51.g4 {#r} 1-0

[Event "It (open) \"]
[Site "Moscow (Russia)"]
[Date "2005.02.15"]
[Round "1"]
[White "Alikhanov Felix (RUS)"]
[Black "Shanava Konstantine (GEO)"]
[Result "0-1"]
[WhiteElo "2400"]
[BlackElo "2494"]

1.e4 c6 2.d4 d5 3.Nd2 dxe4 4.Nxe4 Bf5 5.Ng3 Bg6 6.h4 h6 7.f4 e6 8.Nf3 Bd6
9.Ne5 Bxe5 10.fxe5 Ne7 11.h5 Bh7 12.c3 c5 13.Qg4 Rg8 14.Bc4 Nbc6 15.O-O Qd7
16.Qf4 Rf8 17.dxc5 Nd5 18.Qg4 Nxe5 19.Qxg7 Nxc4 20.Qxh7 O-O-O 21.b3 Nxc3
22.Qg7 e5 23.Kh2 Rg8 24.Qxf7 Nd2 25.Bxd2 Qxd2 26.c6 bxc6 27.Qe6+ Kb8 28.Qxe5+
Ka8 29.Rac1 Rd3 30.Rf7 Rdxg3 31.Rxa7+ Kxa7 32.Qc7+ Ka6 33.Qxc6+ Ka5 34.Qc7+
{#R} 0-1

[Event "Ch Amateur Team (East)"]
[Site "Parsippany (USA)"]
[Date "2005.03.21"]
[Round "6"]
[White "Sena Juan (DOM)"]
[Black "Kujovic Michal (SVK)"]
[Result "1-0"]
[WhiteElo "2183"]
[BlackElo "2346"]

1.e4 c6 2.d4 d5 3.Nd2 dxe4 4.Nxe4 Bf5 5.Ng3 Bg6 6.h4 h6 7.f4 Nf6 8.h5 Be4 9.f5
Bxf5 10.Nxf5 Qa5+ 11.Bd2 Qxf5 12.Bd3 Qd5 13.Nf3 e6 14.c4 Qd6 15.Rh3 c5 16.Qb3
cxd4 17.Qxb7 Qc6 18.Qb5 a6 19.Qe5 Bd6 20.Qxd4 O-O 21.O-O-O Nbd7 22.Bc3 Rfc8
23.Qe3 a5 24.Rh4 a4 25.Be4 Nxe4 26.Qxe4 Qxe4 27.Rxe4 Nc5 28.Rg4 Bf8 29.Kc2 Rd8
30.Rxd8 Rxd8 31.b4 axb3+ 32.axb3 Na6 33.Rd4 Rxd4 34.Nxd4 e5 35.Nc6 e4 36.b4 f5
37.b5 Nc5 38.b6 f4 39.Be5 f3 40.gxf3 exf3 41.Kd2 Ne4+ 42.Ke3 f2 43.Ke2 Bc5
44.Bd4 Bxb6 45.Bxb6 f1=Q+ 46.Kxf1 Nd2+ 47.Kg2 Nxc4 48.Bd4 Kh7 49.Ne7 Nd6
50.Kf3 Nf5 51.Nxf5 g6 52.hxg6+ Kxg6 53.Kg4 Kf7 54.Nxh6+ Ke6 55.Kf4 Kd5 56.Be5
Kc4 57.Ke4 Kc5 58.Ng4 Kc4 59.Bd4 Kb5 60.Kd5 Ka6 {#r} 1-0

[Event "Ch France (team) (juniors) 2004/05"]
[Site "France"]
[Date "2005.05.14"]
[Round "9"]
[White "Giroyan Gary (FRA)"]
[Black "Cabanes Kim (FRA)"]
[Result "0-1"]
[WhiteElo "2318"]
[BlackElo "2016"]

1.e4 c6 2.d4 d5 3.Nc3 dxe4 4.Nxe4 Bf5 5.Ng3 Bg6 6.h4 h6 7.f4 e6 8.Nf3 Nd7 9.h5
Bh7 10.Bd3 Bxd3 11.Qxd3 Qc7 12.Bd2 Bd6 13.Ne5 Ngf6 14.O-O-O Rf8 15.Rhe1 O-O-O
16.Qe2 c5 17.Bc3 Nd5 18.Qd2 f6 19.Ng6 Bxf4 20.Nxf4 Nxf4 21.Qf2 e5 22.dxe5 fxe5
23.Qg1 Ne6 24.Bd2 Nd4 25.c3 Ne6 26.Be3 Qc6 27.Rd2 Nb6 28.Rde2 Nd5 29.Bd2 Ndf4
30.Bxf4 Nxf4 31.Rxe5 Nd3+ 32.Kb1 Nxe5 33.Rxe5 Qd6 34.Re3 Qd1+ 35.Qxd1 Rxd1+
36.Kc2 Rdd8 37.Ne4 {#R} 0-1